|
|
|
|
| LEADER |
00000nam a2200000 a 4500 |
| 001 |
vtls009224721 |
| 003 |
SK-MaSNL |
| 005 |
20260425225707.0 |
| 008 |
240509s1992 xo slo |
| 020 |
|
|
|a 8022304522
|q (skriptá)
|
| 035 |
|
|
|a LVTK33289
|
| 035 |
|
|
|a urn:nbn:sk:snk-amli47
|
| 035 |
|
|
|a urn:nbn:sk:snk-am00bnb6
|
| 035 |
|
|
|a 91EC3003-6BD5-4181-A0A3-32F10C1FE4F1
|
| 040 |
|
|
|a SNK
|b slo
|c SNK
|e AACR2
|
| 041 |
0 |
|
|a slo
|
| 044 |
|
|
|a xo
|c SK
|
| 080 |
|
|
|a 811.111(075.8)
|2 1981
|
| 100 |
1 |
|
|a Tandlichová, Eva,
|d 1943-
|4 aut
|9 110302
|
| 245 |
1 |
|
|a Text pri rozvíjaní komunikatívnych zručností vo vyučovaní anglického jazyka
|c Eva Tandlichová
|
| 250 |
|
|
|a 1. vyd.
|
| 260 |
|
|
|a Bratislava
|b Univerzita Komenského
|c 1992
|
| 300 |
|
|
|a 159 s. skriptá
|
| 650 |
0 |
7 |
|a angličtina
|2 LVTK
|9 1260
|
| 650 |
0 |
7 |
|a jazykové učebnice
|2 LVTK
|9 100360
|
| 650 |
0 |
7 |
|a učebnice vysokoškolské
|2 LVTK
|9 317028
|
| 655 |
|
7 |
|a Textbooks (higher)
|2 SNKPHeng
|9 276436
|
| 655 |
|
7 |
|a učebnice vysokých škôl
|2 SNKPH
|9 70191
|
| 919 |
|
|
|a 80-223-0452-2
|
| 999 |
|
|
|c 656151
|d 658081
|
| 952 |
|
|
|t P60, <04>, [BOOK], {604}
|a SNK
|b SNK
|y VYP
|7 0
|p 17A0146636
|o snkSB 49654 D1
|0 0
|1 0
|4 0
|d 1998-07-03
|l 0
|r 2004-12-31 00:00:00
|w 2026-02-23
|
| 952 |
|
|
|a SNK
|b SNK
|y PREZ
|7 0
|p 17A0804400
|o snkSB 49654
|0 0
|1 0
|4 0
|d 2012-07-12
|f 1
|l 0
|r 2025-03-05 00:00:00
|w 2026-02-23
|